Tratado de la prueba Judicial
Wedi'i Gadw mewn:
| Prif Awdur: | |
|---|---|
| Fformat: | Llyfr |
| Iaith: | Sbaeneg |
| Cyhoeddwyd: |
Bogotá
Del Profesional Ltda
2003
|
| Rhifyn: | 3a. ed |
| Pynciau: | |
| Tagiau: |
Ychwanegu Tag
Dim Tagiau, Byddwch y cyntaf i dagio'r cofnod hwn!
|
MARC
| LEADER | 00000nam a2200000 a 4500 | ||
|---|---|---|---|
| 001 | UCJ9581 | ||
| 003 | CL-VaPUC | ||
| 008 | 070323e20030000ck |||||||||||||||||spa|d | ||
| 020 | |a 9587070003 | ||
| 082 | 0 | 4 | |a 347.8607 |b PAR |2 21 |
| 100 | |a Parra Quijano, Jairo |e autor |9 519582 | ||
| 245 | 1 | 0 | |a Tratado de la prueba Judicial |
| 250 | |a 3a. ed | ||
| 300 | |a 242 p | ||
| 942 | |c BK | ||
| 945 | |d 20070323 00:00:00 |a lvergara | ||
| 260 | |a Bogotá |b Del Profesional Ltda |c 2003 | ||
| 500 | |a v.3: Los Documentos | ||
| 650 | 0 | |a Procedimiento civil |9 254870 | |
| 650 | 0 | |a Derecho procesal civil |9 258071 | |
| 650 | 7 | |a DERECHO CIVIL COLOMBIANO |2 CL-VaPUC |9 519583 | |
| 650 | 7 | |a TESTIGOS |2 CL-VaPUC |9 519584 | |
| 650 | 7 | |a PRUEBAS JUDICIALES |2 CL-VaPUC |9 519585 | |
| 650 | 0 | |a Juicios |9 327339 | |
| 651 | 0 | |a Colombia |9 256424 | |
| 583 | |a last modification |c 20171010 10:40:52 |k Rodrigo Vera | ||
| 999 | |c 325039 |d 325037 | ||
| 952 | |0 0 |1 0 |4 0 |6 347_860700000000000_PAR_2003 |7 0 |8 A |9 405486 |a BIBDER |b BIBDER |d 2019-11-22 |h v.3 |i 4325532 |o 347.8607 PAR 2003 |p 4325532 |r 2023-01-25 |w 2019-11-22 |y BK |k DER | ||